000 00410pab a2200169 454500
008 180718b2014 xxu||||| |||| 00| 0 eng d
100 _aKalkoti, Gopal
245 _aStatus of rural migration - need for development initiatives
260 _c2014
300 _ap.14-17.
362 _aSep
650 _aMigration
650 _aRural migration
773 _aKurukshetra
908 _aN
909 _a105431
999 _c105426
_d105426